Technicko-ekonomický spravodajca

Na minha lista:
Detalhes bibliográficos
Formato: Periódico
Idioma:eslovaco
Publicado em: Bratislava BYVIP 1997
Assuntos:
Tags: Adicionar Tag
Sem tags, seja o primeiro a adicionar uma tag!

MARC

LEADER 00000nas2a2200000 4500
001 s121411
005 20221220131507.9
041 0 |a slo 
044 |a SK 
245 1 0 |a Technicko-ekonomický spravodajca 
264 1 |a Bratislava  |b BYVIP  |c 1997 
300 |a 1 zv. 
773 0 |w eu_un_cat*s120030 
610 2 0 |a hospodárstvo miestne 
610 2 0 |a podnik komunálny 
610 2 0 |a správa verejná